[Event "SVK-chT4A21 1415"]
[Site "Slovakia"]
[Date "2014.11.23"]
[Round "4.2"]
[White "Cerovsky, Marian"]
[Black "Pipiska, Adam"]
[Result "1-0"]
[WhiteElo "1847"]
[BlackElo "1772"]
[PlyCount "71"]
[EventDate "2014.10.12"]
[EventType "team-tourn"]
[EventRounds "11"]
[EventCountry "SVK"]
[SourceTitle "EXT 2022"]
[Source "ChessBase"]
[SourceDate "2021.10.06"]
[SourceVersion "1"]
[SourceVersionDate "2021.10.06"]
[SourceQuality "1"]
[WhiteTeam "Kopcany"]
[BlackTeam "Stefanov"]
[WhiteTeamCountry "SVK"]
[BlackTeamCountry "SVK"]

1. e4 e5 2. Nc3 Nc6 3. Nf3 Nf6 4. a3 Bc5 5. h3 d6 6. Bc4 Be6 7. Bxe6 fxe6 8. d3 Qe7 9. Na4 0-0-0 10. Nxc5 dxc5 11. Bg5 h6 12. Bxf6 gxf6 13. Qe2 Nd4 14. Nxd4 cxd4 15. g4 Rd6 16. Qd2 Rb6 17. b3 h5 18. Ke2 hxg4 19. hxg4 Rxh1 20. Rxh1 Qxa3 21. Rh8+ Kd7 22. Rh7+ Kd6 23. Qh6 Qb2 24. Qf8+ Kc6 25. Qe8+ Kc5 26. Rxc7+ Rc6 27. Qe7+ Kb5 28. Rxb7+ Ka6 29. Rxa7+ Kb5 30. Qb7+ Kc5 31. Ra5+ Kd6 32. Qb4+ Kd7 33. Ra7+ Rc7 34. Qb5+ Kd6 35. Qb6+ Rc6 36. Qb4+ 1-0

[Event "Senica op 6th"]
[Site "Senica"]
[Date "2014.08.30"]
[Round "6"]
[White "Vavrinkova, Eliska"]
[Black "Pipiska, Adam"]
[Result "0-1"]
[WhiteElo "1442"]
[BlackElo "1788"]
[PlyCount "64"]
[EventDate "2014.08.27"]
[EventType "swiss"]
[EventRounds "7"]
[EventCountry "SVK"]
[SourceTitle "EXT 2016"]
[Source "ChessBase"]
[SourceDate "2015.10.08"]
[SourceVersion "1"]
[SourceVersionDate "2015.10.08"]
[SourceQuality "1"]

1. d4 d6 2. c4 g6 3. Nf3 Bg7 4. Nc3 Nf6 5. g3 0-0 6. Bg2 Nc6 7. e4 Re8 8. 0-0 Bg4 9. h3 Bd7 10. a3 e5 11. d5 Ne7 12. b4 Nh5 13. Nh2 f5 14. exf5 Nxf5 15. g4 Nf4 16. gxf5 Bxf5 17. Bxf4 exf4 18. Rc1 Qd7 19. Bf3 h5 20. Bg2 Bxh3 21. Bxh3 Qxh3 22. Qf3 Qf5 23. Nb5 Qf7 24. Nc3 g5 25. Qg2 g4 26. Nxg4 hxg4 27. Qxg4 Re5 28. Rfe1 Rae8 29. Rxe5 Rxe5 30. Qc8+ Kh7 31. Qxb7 Qg6+ 32. Kf1 f3 0-1

[Event "Senica op 6th"]
[Site "Senica"]
[Date "2014.08.29"]
[Round "3"]
[White "Pipiska, Adam"]
[Black "Sobek, Michal"]
[Result "1-0"]
[WhiteElo "1788"]
[BlackElo "1401"]
[PlyCount "69"]
[EventDate "2014.08.27"]
[EventType "swiss"]
[EventRounds "7"]
[EventCountry "SVK"]
[SourceTitle "EXT 2016"]
[Source "ChessBase"]
[SourceDate "2015.10.08"]
[SourceVersion "1"]
[SourceVersionDate "2015.10.08"]
[SourceQuality "1"]

1. c4 e5 2. Nc3 Nf6 3. g3 Nc6 4. Bg2 Bc5 5. e3 d5 6. Nxd5 Nxd5 7. cxd5 Nb4 8. Qb3 0-0 9. a3 Na6 10. Ne2 Bf5 11. 0-0 Bb6 12. Qc3 Nc5 13. Qxe5 Bd3 14. Re1 Nb3 15. Qc3 Nxa1 16. Qxd3 Qd7 17. b3 Nxb3 18. Qxb3 Rad8 19. Qc3 Rfe8 20. Bb2 f6 21. Nf4 Re7 22. e4 c6 23. e5 cxd5 24. Nxd5 Ree8 25. d4 Rc8 26. Nxb6 axb6 27. Qb3+ Kh8 28. e6 Qd6 29. d5 Kg8 30. Bc3 Rcd8 31. Bb4 Qb8 32. e7 Rd7 33. d6+ Kh8 34. Qe6 Qc8 35. Bh3 1-0

[Event "SVK-ch U14"]
[Site "Stara Lubovna"]
[Date "2014.04.12"]
[Round "9"]
[White "Gogora, Kristian"]
[Black "Pipiska, Adam"]
[Result "0-1"]
[WhiteElo "1218"]
[BlackElo "1813"]
[PlyCount "50"]
[EventDate "2014.04.05"]
[EventType "swiss"]
[EventRounds "9"]
[EventCountry "SVK"]
[SourceTitle "EXT 2016"]
[Source "ChessBase"]
[SourceDate "2015.10.08"]
[SourceVersion "1"]
[SourceVersionDate "2015.10.08"]
[SourceQuality "1"]

1. d4 d6 2. c4 g6 3. Nc3 Nf6 4. e4 Bg7 5. Nf3 0-0 6. Bd3 Nc6 7. a3 Bg4 8. Be3 e5 9. d5 Nd4 10. Bxd4 exd4 11. Nb5 Re8 12. Qe2 Nxe4 13. Bxe4 f5 14. 0-0 fxe4 15. Rfe1 exf3 16. Qxe8+ Qxe8 17. Rxe8+ Rxe8 18. h3 Bd7 19. Nxa7 c6 20. dxc6 bxc6 21. gxf3 Ra8 22. Nxc6 Bxc6 23. Rd1 Bxf3 24. Rd3 Be2 25. Rd2 d3 0-1

[Event "SVK-ch U14"]
[Site "Stara Lubovna"]
[Date "2014.04.11"]
[Round "8"]
[White "Pipiska, Adam"]
[Black "Volcko, Richard"]
[Result "0-1"]
[WhiteElo "1813"]
[BlackElo "1835"]
[PlyCount "50"]
[EventDate "2014.04.05"]
[EventType "swiss"]
[EventRounds "9"]
[EventCountry "SVK"]
[SourceTitle "EXT 2016"]
[Source "ChessBase"]
[SourceDate "2015.10.08"]
[SourceVersion "1"]
[SourceVersionDate "2015.10.08"]
[SourceQuality "1"]

1. e4 e5 2. Nf3 Nf6 3. Nxe5 d6 4. Nf3 Nxe4 5. d4 d5 6. Bd3 Be7 7. 0-0 Nc6 8. Re1 Bg4 9. c3 f5 10. Nbd2 0-0 11. Qb3 Rb8 12. Ne5 Nxe5 13. dxe5 Kh8 14. Nf1 Nc5 15. Qc2 Nxd3 16. Qxd3 f4 17. h3 Bf5 18. Qd1 g5 19. Nh2 Qd7 20. Qd4 Qe6 21. c4 dxc4 22. Qc3 Rfd8 23. Qf3 Bb4 24. Rf1 Qxe5 25. Ng4 Qg7 0-1

[Event "SVK-ch U14"]
[Site "Stara Lubovna"]
[Date "2014.04.10"]
[Round "7"]
[White "Milany, Levente"]
[Black "Pipiska, Adam"]
[Result "1/2-1/2"]
[WhiteElo "1401"]
[BlackElo "1813"]
[PlyCount "48"]
[EventDate "2014.04.05"]
[EventType "swiss"]
[EventRounds "9"]
[EventCountry "SVK"]
[SourceTitle "EXT 2016"]
[Source "ChessBase"]
[SourceDate "2015.10.08"]
[SourceVersion "1"]
[SourceVersionDate "2015.10.08"]
[SourceQuality "1"]

1. e4 e5 2. Nf3 Nc6 3. d4 exd4 4. Bc4 Bc5 5. c3 dxc3 6. Bxf7+ Kxf7 7. Qd5+ Kf8 8. Qxc5+ Qe7 9. Qf5+ Qf6 10. Qxf6+ Nxf6 11. Nxc3 Kf7 12. 0-0 d6 13. h3 Be6 14. Ng5+ Ke7 15. Nxe6 Kxe6 16. Bg5 Rhf8 17. f4 Rae8 18. Rae1 Kd7 19. f5 Ne5 20. Bxf6 Rxf6 21. Nd5 Rf7 22. g4 c6 23. Nf4 Nc4 24. Rf2 Ne5 1/2-1/2

[Event "SVK-ch U14"]
[Site "Stara Lubovna"]
[Date "2014.04.06"]
[Round "2"]
[White "Pechac, Jergus"]
[Black "Pipiska, Adam"]
[Result "1-0"]
[WhiteElo "2249"]
[BlackElo "1813"]
[PlyCount "79"]
[EventDate "2014.04.05"]
[EventType "swiss"]
[EventRounds "9"]
[EventCountry "SVK"]
[SourceTitle "EXT 2016"]
[Source "ChessBase"]
[SourceDate "2015.10.08"]
[SourceVersion "1"]
[SourceVersionDate "2015.10.08"]
[SourceQuality "1"]

1. e4 e5 2. Nf3 Nc6 3. Bc4 Bc5 4. 0-0 Nf6 5. d3 d6 6. c3 0-0 7. Bg5 Be6 8. Bb3 Bxb3 9. axb3 Qe7 10. b4 Bb6 11. b5 Nd8 12. Nh4 Ne6 13. Nf5 Qd8 14. Bh4 Nf4 15. Qf3 d5 16. g3 dxe4 17. dxe4 Qd3 18. Qxd3 Nxd3 19. Ne7+ Kh8 20. Bxf6 gxf6 21. b4 Nb2 22. Na3 a6 23. Nd5 Kg7 24. bxa6 Rxa6 25. Nb5 Rxa1 26. Rxa1 Nc4 27. Nxb6 cxb6 28. Rd1 Rb8 29. Rd7 Kf8 30. Rc7 Nd2 31. Nd6 Kg8 32. Kg2 b5 33. Rd7 b6 34. g4 h6 35. h3 Rf8 36. Kg3 Rb8 37. Kh4 Nf3+ 38. Kh5 Ng5 39. h4 Nh3 40. Nxf7 1-0

[Event "SVK-chT2A 1314"]
[Site "Slovakia"]
[Date "2014.03.16"]
[Round "11.8"]
[White "Pipiska, Adam"]
[Black "Danada, Ondrej"]
[Result "1-0"]
[WhiteElo "1737"]
[BlackElo "1876"]
[PlyCount "99"]
[EventDate "2013.10.19"]
[EventType "team-tourn"]
[EventRounds "11"]
[EventCountry "SVK"]
[SourceTitle "EXT 2015"]
[Source "ChessBase"]
[SourceDate "2014.11.20"]
[SourceVersion "1"]
[SourceVersionDate "2014.11.20"]
[SourceQuality "1"]
[WhiteTeam "Osuske II"]
[BlackTeam "Bratislava Doprastav III"]
[WhiteTeamCountry "SVK"]
[BlackTeamCountry "SVK"]

1. e4 c6 2. d4 d5 3. Nc3 dxe4 4. Nxe4 Bf5 5. Ng3 Bg6 6. h4 h6 7. h5 Bh7 8. Nf3 Nd7 9. Bd3 Bxd3 10. Qxd3 Qc7 11. Be3 Ngf6 12. 0-0 e6 13. Nd2 Ng4 14. Nde4 f5 15. Qc4 0-0-0 16. Qxe6 Nxe3 17. fxe3 fxe4 18. Nxe4 Bb4 19. c3 Rhe8 20. Qg6 Bf8 21. Rf7 Qa5 22. Ng3 Nf6 23. Nf5 Rd5 24. Rxf6 gxf6 25. Qxe8+ Kc7 26. Qxf8 Rxf5 27. Qe7+ Kc8 28. Qe6+ Kc7 29. b4 Qd5 30. Qxd5 cxd5 31. Rf1 Rxh5 32. Rxf6 Rh4 33. Rf4 Rh5 34. e4 dxe4 35. Rxe4 a5 36. a3 axb4 37. axb4 b5 38. g3 Kd6 39. Rh4 Rf5 40. Rxh6+ Kd5 41. Kg2 Kc4 42. Rc6+ Kd3 43. Rc5 Rf8 44. g4 Ke2 45. Rf5 Rc8 46. Rf3 Rc7 47. g5 Rg7 48. Rg3 Rg6 49. Kh3 Kf2 50. Kg4 1-0

[Event "SVK-chT3A2 1314"]
[Site "Slovakia"]
[Date "2014.03.02"]
[Round "10.3"]
[White "Pipiska, Adam"]
[Black "Vogl, Zdenek"]
[Result "0-1"]
[WhiteElo "1737"]
[BlackElo "1899"]
[PlyCount "76"]
[EventDate "2013.10.13"]
[EventType "team-tourn"]
[EventRounds "11"]
[EventCountry "SVK"]
[SourceTitle "EXT 2015"]
[Source "ChessBase"]
[SourceDate "2014.11.20"]
[SourceVersion "1"]
[SourceVersionDate "2014.11.20"]
[SourceQuality "1"]
[WhiteTeam "Senica CVC"]
[BlackTeam "Skalica"]
[WhiteTeamCountry "SVK"]
[BlackTeamCountry "SVK"]

1. e4 e5 2. Nf3 Nc6 3. d4 exd4 4. Bc4 Be7 5. Nxd4 Nf6 6. Nc3 0-0 7. 0-0 Nxe4 8. Nxe4 d5 9. Nxc6 bxc6 10. Bd3 dxe4 11. Bxe4 Ba6 12. Re1 Qxd1 13. Rxd1 Rad8 14. Bf4 Rb8 15. b3 Rb4 16. f3 f5 17. Bd2 fxe4 18. Bxb4 Bxb4 19. fxe4 Re8 20. c4 Bc5+ 21. Kh1 Rxe4 22. Re1 Rxe1+ 23. Rxe1 Kf7 24. Re5 Bd4 25. Ra5 Bc8 26. Ra4 a6 27. Rb4 Ke7 28. Ra4 c5 29. a3 Kd6 30. b4 Kc6 31. Ra5 Kb6 32. h3 Be6 33. Kh2 Bxc4 34. Kg3 Bb5 35. Kf3 c4 36. Ke2 c3+ 37. Kd1 c5 38. Kc2 Bc6 0-1

[Event "Senica op 02"]
[Site "Senica"]
[Date "2014.02.27"]
[Round "5"]
[White "Pipiska, Adam"]
[Black "Martirosyan, Ara"]
[Result "1-0"]
[WhiteElo "1737"]
[BlackElo "1647"]
[PlyCount "75"]
[EventDate "2014.02.24"]
[EventType "swiss"]
[EventRounds "7"]
[EventCountry "SVK"]
[SourceTitle "CBM 159 Extra"]
[Source "ChessBase"]
[SourceDate "2014.04.24"]
[SourceVersion "1"]
[SourceVersionDate "2014.04.24"]
[SourceQuality "1"]

1. e4 c5 2. Nf3 Nc6 3. d4 cxd4 4. Nxd4 g6 5. Be3 Bg7 6. c3 Nf6 7. Nd2 0-0 8. Bc4 d5 9. exd5 Nxd5 10. Bxd5 Qxd5 11. N2f3 e5 12. Nxc6 Qxc6 13. 0-0 Bg4 14. Nxe5 Bxe5 15. Qxg4 h5 16. Qh4 Bf6 17. Bg5 Kg7 18. Bxf6+ Qxf6 19. Qxf6+ Kxf6 20. Rad1 Rad8 21. f3 Rfe8 22. Kf2 b5 23. Rfe1 Rxe1 24. Kxe1 Rxd1+ 25. Kxd1 Ke5 26. Ke2 a5 27. Kd3 Kd5 28. b3 b4 29. c4+ Kc5 30. Ke4 f6 31. h4 a4 32. g4 axb3 33. axb3 f5+ 34. gxf5 gxf5+ 35. Kxf5 Kd4 36. Kg5 Kc3 37. c5 Kxb3 38. c6 1-0

[Event "Senica op 02"]
[Site "Senica"]
[Date "2014.02.25"]
[Round "2"]
[White "Berezjuk, Rostislav"]
[Black "Pipiska, Adam"]
[Result "0-1"]
[WhiteElo "1404"]
[BlackElo "1737"]
[PlyCount "78"]
[EventDate "2014.02.24"]
[EventType "swiss"]
[EventRounds "7"]
[EventCountry "SVK"]
[SourceTitle "CBM 159 Extra"]
[Source "ChessBase"]
[SourceDate "2014.04.24"]
[SourceVersion "1"]
[SourceVersionDate "2014.04.24"]
[SourceQuality "1"]

1. e4 e5 2. Nf3 Nc6 3. Bb5 a6 4. Ba4 Nf6 5. d3 d6 6. c3 b5 7. Bc2 Bg4 8. Nbd2 Be7 9. Nf1 0-0 10. h3 Bc8 11. Ng3 d5 12. Qe2 d4 13. 0-0 Re8 14. Nh2 dxc3 15. bxc3 b4 16. Ba4 Bd7 17. Bd2 bxc3 18. Bxc3 Nd4 19. Bxd4 exd4 20. Bxd7 Qxd7 21. Nf3 Ba3 22. Rab1 Nd5 23. Qc2 Nc3 24. Rb3 Bd6 25. Nf5 c5 26. Nd2 g6 27. Nxd6 Qxd6 28. Nb1 c4 29. dxc4 Nxe4 30. Rd1 Nc5 31. Re3 dxe3 32. Rxd6 e2 33. Rd1 exd1Q+ 34. Qxd1 Rad8 35. Qc2 Re1+ 36. Kh2 Rdd1 37. Nd2 Rh1+ 38. Kg3 Rxd2 39. Qc3 Ne4+ 0-1

[Event "SVK-chT5 SE-SI 1314"]
[Site "Slovakia"]
[Date "2014.01.18"]
[Round "6.2"]
[White "Valla, Tomas"]
[Black "Pipiska, Adam"]
[Result "1-0"]
[WhiteElo "1814"]
[BlackElo "1737"]
[PlyCount "71"]
[EventDate "2013.10.19"]
[EventType "team-tourn"]
[EventRounds "11"]
[EventCountry "SVK"]
[SourceTitle "EXT 2022"]
[Source "ChessBase"]
[SourceDate "2021.10.06"]
[SourceVersion "1"]
[SourceVersionDate "2021.10.06"]
[SourceQuality "1"]
[WhiteTeam "Gbely Nafta II"]
[BlackTeam "Senica CVC III"]
[WhiteTeamCountry "SVK"]
[BlackTeamCountry "SVK"]

1. e4 e5 2. Bc4 Nf6 3. d3 Nc6 4. Nf3 Bc5 5. c3 0-0 6. h3 d6 7. Bb3 Be6 8. Bg5 Qe7 9. Bc2 d5 10. Nbd2 d4 11. Nf1 Bb6 12. Ng3 h6 13. Bh4 dxc3 14. bxc3 Qc5 15. 0-0 Nh7 16. Ne2 Ne7 17. d4 exd4 18. cxd4 Qd6 19. Qd3 Ng6 20. Bg3 Qd8 21. Nf4 Nxf4 22. Bxf4 f5 23. e5 c5 24. Bb3 Bxb3 25. Qxb3+ Kh8 26. d5 Rc8 27. Qc4 Re8 28. a4 Nf8 29. e6 Qe7 30. Ne5 Kg8 31. Rfe1 Ba5 32. Re2 Bb4 33. Rd1 Rcd8 34. Rd3 Ba5 35. Nf7 Rc8 36. Rg3 1-0

[Event "SVK-chT3A2 1314"]
[Site "Slovakia"]
[Date "2013.10.13"]
[Round "1.2"]
[White "Pipiska, Adam"]
[Black "Jozefovic, Milan"]
[Result "0-1"]
[WhiteElo "1737"]
[BlackElo "1900"]
[PlyCount "68"]
[EventDate "2013.10.13"]
[EventType "team-tourn"]
[EventRounds "11"]
[EventCountry "SVK"]
[SourceTitle "EXT 2015"]
[Source "ChessBase"]
[SourceDate "2014.11.20"]
[SourceVersion "1"]
[SourceVersionDate "2014.11.20"]
[SourceQuality "1"]
[WhiteTeam "Senica CVC"]
[BlackTeam "Gbely Nafta"]
[WhiteTeamCountry "SVK"]
[BlackTeamCountry "SVK"]

1. e4 e6 2. d4 Nf6 3. e5 Nd5 4. c4 Bb4+ 5. Bd2 Bxd2+ 6. Nxd2 Ne7 7. Bd3 Nf5 8. Qg4 g6 9. Ne4 h5 10. Qh3 Qe7 11. Nf6+ Kd8 12. Nf3 Qb4+ 13. Kf1 c6 14. g4 Ng7 15. c5 Kc7 16. b3 b6 17. Rc1 bxc5 18. Rxc5 Ba6 19. Bxa6 Nxa6 20. Rc4 Qb5 21. Kg2 hxg4 22. Qxg4 Nf5 23. Ng5 Rh4 24. Qd1 d5 25. Rc3 Rxd4 26. Qc2 Nb4 27. a4 Qb6 28. Qe2 Nh4+ 29. Kg3 Nf5+ 30. Kg2 Rf4 31. Rhc1 Qd4 32. Nh3 Rh4 33. a5 Rah8 34. Rf3 g5 0-1

[Event "Stare Mesto op"]
[Site "Stare Mesto"]
[Date "2013.08.09"]
[Round "1"]
[White "Jozefek, Michal"]
[Black "Pipiska, Adam"]
[Result "1-0"]
[WhiteElo "2202"]
[BlackElo "1724"]
[PlyCount "55"]
[EventDate "2013.08.09"]
[EventType "swiss"]
[EventRounds "10"]
[EventCountry "CZE"]
[SourceTitle "CBM 155 Extra"]
[Source "ChessBase"]
[SourceDate "2013.08.26"]
[SourceVersion "1"]
[SourceVersionDate "2013.08.26"]
[SourceQuality "1"]

1. d4 d6 2. c4 Nf6 3. Nc3 g6 4. e4 Bg7 5. Be2 0-0 6. Nf3 Nbd7 7. 0-0 e5 8. Re1 exd4 9. Nxd4 Nc5 10. Bf1 Re8 11. f3 Ne6 12. Be3 c6 13. Nb3 Nc7 14. Qd2 d5 15. Rad1 Be6 16. Qf2 Qb8 17. cxd5 cxd5 18. e5 Nd7 19. f4 b6 20. Nd4 f6 21. exf6 Nxf6 22. h3 Ne4 23. Nxe4 dxe4 24. Nxe6 Nxe6 25. f5 Rf8 26. Bc4 gxf5 27. Bxe6+ Kh8 28. Bd5 1-0

[Event "Senica op 5th"]
[Site "Senica"]
[Date "2013.08.07"]
[Round "7"]
[White "Slobodnik, Michal"]
[Black "Pipiska, Adam"]
[Result "1-0"]
[WhiteElo "1827"]
[BlackElo "1724"]
[PlyCount "43"]
[EventDate "2013.08.03"]
[EventType "swiss"]
[EventRounds "9"]
[EventCountry "SVK"]
[SourceTitle "CBM 156 Extra"]
[Source "ChessBase"]
[SourceDate "2013.10.22"]
[SourceVersion "1"]
[SourceVersionDate "2013.10.22"]
[SourceQuality "1"]

1. Nf3 Nc6 2. d4 d5 3. c4 e6 4. Nc3 g6 5. Bg5 Nge7 6. e3 Bg7 7. Rc1 dxc4 8. Bxc4 0-0 9. 0-0 h6 10. Bh4 Qd7 11. Ne4 Kh8 12. Bf6 Nd5 13. Ne5 Nxe5 14. dxe5 Bxf6 15. exf6 Qd8 16. Qf3 c6 17. Rfd1 h5 18. g4 Rg8 19. gxh5 Qf8 20. Ng5 Bd7 21. hxg6 Rxg6 22. Qh5+ 1-0

[Event "Senica op 5th"]
[Site "Senica"]
[Date "2013.08.04"]
[Round "3"]
[White "Pipiska, Adam"]
[Black "Masek, Jan"]
[Result "1-0"]
[WhiteElo "1724"]
[BlackElo "1959"]
[PlyCount "115"]
[EventDate "2013.08.03"]
[EventType "swiss"]
[EventRounds "9"]
[EventCountry "SVK"]
[SourceTitle "CBM 156 Extra"]
[Source "ChessBase"]
[SourceDate "2013.10.22"]
[SourceVersion "1"]
[SourceVersionDate "2013.10.22"]
[SourceQuality "1"]

1. e4 e5 2. Nf3 Nc6 3. d4 exd4 4. Nxd4 Nxd4 5. Qxd4 Qf6 6. Be3 b6 7. Nc3 Bc5 8. Qd2 Ne7 9. Bc4 0-0 10. 0-0 a6 11. Rae1 Re8 12. Bxc5 bxc5 13. e5 Qc6 14. Qf4 Rf8 15. Qg5 Bb7 16. Re3 Qg6 17. Qxg6 hxg6 18. Na4 Nf5 19. Rb3 Bc8 20. Nxc5 Nd4 21. Rd3 Nxc2 22. Nxd7 Nb4 23. Nxf8 Nxd3 24. Bxd3 Kxf8 25. Rc1 Ra7 26. Rc6 Ke7 27. b3 Kd7 28. Rc4 Kd8 29. Rh4 Be6 30. Rh7 a5 31. Bb5 Ke7 32. Rxg7 Rb7 33. Ba4 Rb8 34. Rh7 Rd8 35. Kf1 Rd1+ 36. Ke2 Ra1 37. Rh8 Rxa2+ 38. Ke3 f6 39. exf6+ Kxf6 40. Ra8 Ke7 41. Rxa5 Bxb3 42. Re5+ Kd6 43. Bxb3 Ra3 44. Rb5 c6 45. Rb4 c5 46. Rb6+ Kc7 47. Rxg6 Rxb3+ 48. Ke4 Rb2 49. f3 Rd2 50. Ke3 Rd7 51. h4 c4 52. Rg4 Rd3+ 53. Ke2 Rc3 54. Kd2 Rd3+ 55. Kc2 Re3 56. Rxc4+ Kd6 57. Rd4+ Kc5 58. Rd2 1-0

[Event "SVK-ch op"]
[Site "Banska Stiavnica"]
[Date "2013.07.14"]
[Round "9"]
[White "Pipiska, Adam"]
[Black "Lovas, Miklos"]
[Result "1/2-1/2"]
[WhiteElo "1676"]
[BlackElo "1975"]
[PlyCount "54"]
[EventDate "2013.07.06"]
[EventType "swiss"]
[EventRounds "9"]
[EventCountry "SVK"]
[SourceTitle "CBM 155 Extra"]
[Source "ChessBase"]
[SourceDate "2013.08.26"]
[SourceVersion "1"]
[SourceVersionDate "2013.08.26"]
[SourceQuality "1"]

1. e4 e5 2. Nf3 Nc6 3. d4 exd4 4. Nxd4 Nxd4 5. Qxd4 d6 6. Bc4 Nf6 7. 0-0 Be7 8. Nc3 0-0 9. Bg5 h6 10. Be3 Ng4 11. f4 Bf6 12. Qd3 Nxe3 13. Qxe3 Re8 14. Rae1 Bf5 15. Qf3 Bxc3 16. bxc3 Be6 17. Bb3 Qf6 18. e5 dxe5 19. Qxb7 Bxb3 20. cxb3 Qb6+ 21. Qxb6 axb6 22. a4 e4 23. f5 Rad8 24. Re3 Rd2 25. Rf2 Rd1+ 26. Rf1 Rd2 27. Rf2 Rd1+ 1/2-1/2

[Event "SVK-ch U12"]
[Site "Lubovna"]
[Date "2013.04.09"]
[Round "5"]
[White "Koscak, Julian"]
[Black "Pipiska, Adam"]
[Result "0-1"]
[WhiteElo "1000"]
[BlackElo "1676"]
[PlyCount "110"]
[EventDate "2013.04.06"]
[EventType "swiss"]
[EventRounds "9"]
[EventCountry "SVK"]
[SourceTitle "CBM 153 Extra"]
[Source "ChessBase"]
[SourceDate "2013.04.22"]
[SourceVersion "1"]
[SourceVersionDate "2013.04.22"]
[SourceQuality "1"]

1. c4 d6 2. Nc3 g6 3. d4 Bg7 4. e3 Nf6 5. g3 Nbd7 6. Bg2 0-0 7. Nge2 c5 8. 0-0 Re8 9. Nd5 cxd4 10. exd4 Nxd5 11. Bxd5 Nb6 12. Nc3 e6 13. Bg2 Nxc4 14. b3 Nb6 15. Re1 Bd7 16. Ba3 d5 17. Rc1 Rc8 18. Bc5 Bf8 19. Bxf8 Rxf8 20. Ne2 Rxc1 21. Qxc1 Qc8 22. Qxc8 Rxc8 23. Rc1 Bb5 24. Rxc8+ Nxc8 25. Nc3 Nd6 26. a4 Bd3 27. Bf1 Bc2 28. b4 Nf5 29. Nb5 a6 30. Nc3 Nxd4 31. b5 a5 32. f4 b6 33. Kf2 Nb3 34. Kf3 Nc5 35. Na2 Bxa4 36. Ke3 f6 37. Kd4 Kf7 38. g4 Bb3 39. Nc3 Ke7 40. f5 e5+ 41. Ke3 d4+ 42. Kd2 dxc3+ 43. Kxc3 gxf5 44. gxf5 a4 45. Kb2 e4 46. Be2 Nd3+ 47. Kb1 Nf4 48. Bf1 e3 49. h4 e2 50. Bxe2 Nxe2 51. Ka1 a3 52. Kb1 a2+ 53. Ka1 h5 54. Kb2 Nd4 55. Ka1 Nc2+ 0-1

[Event "SVK-ch U12"]
[Site "Lubovna"]
[Date "2013.04.08"]
[Round "4"]
[White "Pipiska, Adam"]
[Black "Michel, Norbert"]
[Result "0-1"]
[WhiteElo "1676"]
[BlackElo "1000"]
[PlyCount "90"]
[EventDate "2013.04.06"]
[EventType "swiss"]
[EventRounds "9"]
[EventCountry "SVK"]
[SourceTitle "CBM 153 Extra"]
[Source "ChessBase"]
[SourceDate "2013.04.22"]
[SourceVersion "1"]
[SourceVersionDate "2013.04.22"]
[SourceQuality "1"]

1. e4 e5 2. Nf3 Nf6 3. Nxe5 d6 4. Nf3 Nxe4 5. d4 d5 6. Bd3 Be7 7. 0-0 Bg4 8. Re1 0-0 9. Bxe4 dxe4 10. Rxe4 Bxf3 11. Qxf3 Bf6 12. c3 Re8 13. Be3 Nc6 14. Nd2 Qd7 15. Rg4 Be7 16. Bh6 g6 17. Re4 Bd6 18. Rxe8+ Qxe8 19. Ne4 Qe7 20. Nf6+ Kh8 21. Nd5 Qe6 22. Kf1 Re8 23. Qf6+ Qxf6 24. Nxf6 Re6 25. Re1 Rxe1+ 26. Kxe1 Bxh2 27. g3 Ne7 28. Ng4 Nf5 29. Bf4 Bxg3 30. fxg3 c6 31. Be5+ Kg8 32. Nf6+ Kf8 33. Nxh7+ Ke7 34. Kf2 Ke6 35. c4 c5 36. d5+ Kxe5 37. Ng5 Nd6 38. Ke3 Nxc4+ 39. Kd3 Nd6 40. b3 Kxd5 41. a3 c4+ 42. bxc4+ Nxc4 43. Nxf7 Ne5+ 44. Nxe5 Kxe5 45. Ke3 Kf5 0-1

[Event "SVK-ch U12"]
[Site "Lubovna"]
[Date "2013.04.07"]
[Round "2"]
[White "Pipiska, Adam"]
[Black "Bango, Dominik"]
[Result "0-1"]
[WhiteElo "1676"]
[BlackElo "1340"]
[PlyCount "76"]
[EventDate "2013.04.06"]
[EventType "swiss"]
[EventRounds "9"]
[EventCountry "SVK"]
[SourceTitle "CBM 153 Extra"]
[Source "ChessBase"]
[SourceDate "2013.04.22"]
[SourceVersion "1"]
[SourceVersionDate "2013.04.22"]
[SourceQuality "1"]

1. e4 d6 2. d4 Nf6 3. Nc3 g6 4. Bc4 Bg7 5. Nf3 0-0 6. 0-0 c6 7. Bf4 b5 8. Bd3 Nbd7 9. Qd2 a5 10. h3 Ba6 11. Bh6 e5 12. Bxg7 Kxg7 13. dxe5 Nxe5 14. Nxe5 dxe5 15. Rad1 Qe7 16. f4 Nh5 17. f5 Rad8 18. Qe3 Qc7 19. Rf2 Nf4 20. f6+ Kh8 21. Ne2 Nxd3 22. cxd3 b4 23. Ng3 Rd6 24. Qh6 Rg8 25. h4 Qd8 26. Qg5 Rxd3 27. Rxd3 Qxd3 28. Qxe5 Qd1+ 29. Kh2 Bb5 30. Qc7 Rf8 31. Qxa5 Qg4 32. Qxb4 Kg8 33. Qc3 Rd8 34. Qf3 Qxh4+ 35. Kg1 Rd3 36. Qf4 Qxf4 37. Rxf4 Rxg3 38. Kf2 Rd3 0-1

[Event "SVK-ch U12"]
[Site "Lubovna"]
[Date "2013.04.06"]
[Round "1"]
[White "Stutika, Benjamin"]
[Black "Pipiska, Adam"]
[Result "0-1"]
[WhiteElo "1149"]
[BlackElo "1676"]
[PlyCount "70"]
[EventDate "2013.04.06"]
[EventType "swiss"]
[EventRounds "9"]
[EventCountry "SVK"]
[SourceTitle "CBM 153 Extra"]
[Source "ChessBase"]
[SourceDate "2013.04.22"]
[SourceVersion "1"]
[SourceVersionDate "2013.04.22"]
[SourceQuality "1"]

1. e4 e5 2. Nf3 Nc6 3. Bb5 a6 4. Ba4 Nf6 5. Nc3 b5 6. Bb3 Be7 7. 0-0 0-0 8. Re1 d6 9. h3 Na5 10. Bd5 c6 11. Bb3 Nxb3 12. axb3 Bb7 13. d3 Nd7 14. d4 c5 15. dxc5 Nxc5 16. b4 Ne6 17. Nd5 f5 18. b3 fxe4 19. Rxe4 Kh8 20. Re1 Nd4 21. Nxd4 Bxd5 22. Ne2 Qb6 23. Be3 Qc6 24. f3 Bxf3 25. gxf3 Qxf3 26. Rf1 Qxe3+ 27. Kh2 Rxf1 28. Qxf1 Rf8 29. Qxf8+ Bxf8 30. Rf1 Qxe2+ 31. Kg1 Kg8 32. Rf2 Qe1+ 33. Rf1 Qg3+ 34. Kh1 Be7 35. Rg1 Qxh3# 0-1

[Event "SVK-chT3A2 1213"]
[Site "Slovakia"]
[Date "2013.03.24"]
[Round "11.1"]
[White "Gubis, Vladimir"]
[Black "Pipiska, Adam"]
[Result "1-0"]
[WhiteElo "1834"]
[BlackElo "1674"]
[PlyCount "49"]
[EventDate "2012.10.07"]
[EventType "team-tourn"]
[EventRounds "11"]
[EventCountry "SVK"]
[SourceTitle "EXT 2015"]
[Source "ChessBase"]
[SourceDate "2014.11.20"]
[SourceVersion "1"]
[SourceVersionDate "2014.11.20"]
[SourceQuality "1"]
[WhiteTeam "Piestany Kupele II"]
[BlackTeam "Senica CVC"]
[WhiteTeamCountry "SVK"]
[BlackTeamCountry "SVK"]

1. d4 d6 2. e4 g6 3. Be3 Bg7 4. c3 Nf6 5. f3 0-0 6. Bd3 Nbd7 7. Ne2 c5 8. Qd2 Re8 9. g4 e5 10. d5 a6 11. c4 Qc7 12. a4 Qb6 13. Ng3 Nf8 14. g5 N6d7 15. h4 Qb4 16. Nc3 Nb6 17. Qe2 Bd7 18. Bd2 Nc8 19. a5 Qxb2 20. 0-0 b5 21. Rfb1 Qxa1 22. Rxa1 b4 23. Nd1 Rb8 24. h5 Ne7 25. Rb1 1-0